Представление документа в формате RUSMARC

ПолеНазваниеЗначение
  Тип записи a
  Библиографический уровень m
001 Контрольный номер 25b8caf531bf4d528e728b26bbde3941
005 Дата корректировки 20140526192736.2
010 Индекс ISBN __
a ISBN 5-282-02123-4
200 Заглавие и сведения об ответственности __
a Заглавие Международное внешнее финансирование в современной экономике
f Первые сведения об ответственности Звонова Елена Анатольевна
210 Выходные данные __
a Место издания М.
c Издательство Экономика
d Дата издания 2002
215 Физическое описание __
a Объем 325
610 Ключевые слова __
a Ключевые слова импорт капитала
610 Ключевые слова __
a Ключевые слова международный валютный фонд(МВФ)
610 Ключевые слова __
a Ключевые слова мировая задолженность
686 Индексы других классификаций __
a Классификационный индекс 65.582.6
2 Код системы rubbk
700 Автор __
a Фамилия Звонова Елена Анатольевна
801 Источник записи _0
a Страна RU
b Организация РУК
c Дата составления 20020911
g Правила каталогизации PSBO
801 Источник записи _1
a Страна RU
b Организация РУК
c Дата составления 20020911
g Правила каталогизации PSBO
852 Данные о местонахождении __
i Авторский знак З-43
j Шифр хранения 65.582.6
901 Тип документа __
t Тип документа m
938 Служебная информация __
a Название организации Головной вуз
b Имя БД BOOK
c Название АИБС АИБС ИРБИС